Sports Quiz

Random Sports or Olympics Quiz

4 Decades of Sports Moments Quiz Stats

 Plays Quiz Updated May 18, 2019

Score 0/20 Timer 05:00
2 Plays Today
Question Answer Wrong Answers
Tiger Woods won his first Masters Tournament and became its youngest winner 1990s
90.5%
1960s
0.3%
1970s
0.6%
1980s
6%
Tony Hawk landed the first competetive 900, rotating two-and-half times above a vert ramp in X Games Skateboard Best Trick 1990s
85.1%
1960s
0.5%
1970s
1.3%
1980s
10.3%
The Green Bay Packers won the first Super Bowl, defeating the Kansas City Chiefs 1960s
84.5%
1970s
6.8%
1980s
3.3%
1990s
2.6%
Magic Johnson and Larry Bird faced each other in three NBA Finals 1980s
83.1%
1960s
1%
1970s
7.4%
1990s
5.9%
USA's young hockey team defeated the heavily favored Soviet national team in the Olympics 'Miracle on Ice' 1980s
81.5%
1960s
2.5%
1970s
10.8%
1990s
2.4%
Muhammad Ali defeated George Foreman in the boxing fight known as 'The Rumble in the Jungle' 1970s
74.6%
1960s
15.5%
1980s
6.6%
1990s
0.7%
Steffi Graf retired from professional tennis having won 22 Grand Slam singles titles and spending 377 weeks ranked No. 1 1990s
71.7%
1960s
1.4%
1970s
5%
1980s
19.1%
Mike Tyson became the youngest boxing Heavyweight Champion in history at age of 20 1980s
71%
1960s
0.9%
1970s
3.7%
1990s
21.8%
Mark Spitz became the first athlete to win 7 gold medals at a single Olympics 1970s
68.7%
1960s
5.5%
1980s
18.9%
1990s
4.2%
Wilt Chamberlain of the Philadelphia Warriors set the single-game NBA scoring record with 100 points 1960s
68.4%
1970s
21.9%
1980s
5.1%
1990s
1.8%
MLB players went on strike, thus ending the season and canceling the World Series for the first time in 90 years 1990s
66.4%
1960s
3.7%
1970s
7.8%
1980s
19.4%
Secretariat won the Triple Crown of United States Thoroughbred Racing 1970s
65.1%
1960s
16.1%
1980s
10.2%
1990s
5.9%
The Jamaican national bobsled team drew extensive media attention, appearing in the Winter Olympics in Calgary 1980s
63.7%
1960s
1%
1970s
5.5%
1990s
27%
Nadia Comăneci earned the first perfect score (10) in Olympic gymnastics 1970s
62.5%
1960s
4.8%
1980s
24.9%
1990s
5.1%
Diego Maradona's 'The Hand of God' and 'The Goal of the Century' occurred in the same Argentina v England soccer game 1980s
61.8%
1960s
6.1%
1970s
19%
1990s
10.3%
The 'Open Era' of tennis began, with professionals allowed to compete in Grand Slam events 1960s
56.9%
1970s
27.1%
1980s
9.6%
1990s
3.6%
Pelé played his final professional game in a friendly match between the New York Cosmos and Santos FC 1970s
48.3%
1960s
10.7%
1980s
31.9%
1990s
6.5%
The Boston Celtics won the last of their 8 consecutive NBA titles 1960s
46%
1970s
25.3%
1980s
18.1%
1990s
8%
Japan became the first Asian nation to host the Olympic Games 1960s
45.2%
1970s
18.2%
1980s
17.4%
1990s
16.3%
Triple Formula One World Champion Ayrton Senna was fatally injured in a crash at San Marino GP (Imola, Italy) 1990s
43.5%
1960s
8.8%
1970s
20.1%
1980s
24.7%

You're not logged in!

Compare scores with friends on all Sporcle quizzes.
OR
Log In

Sporcle TV

Today on Sporcle TV


Watch our educational content, quiz creation guides, and fun videos on Sporcle TV.

Show Comments

Extras

Top Quizzes Today


Score Distribution

Your Account Isn't Verified!

In order to create a playlist on Sporcle, you need to verify the email address you used during registration. Go to your Sporcle Settings to finish the process.

Report this User

Report this user for behavior that violates our Community Guidelines.

Details: